[Event "Druzynowe Mistrzostwa Polski Juniorow - Ekstraliga"]
[Site "Centrum Wypoczynkowo-Szkoleniowe Gwarek, Ustron"]
[Date "1899-12-30"]
[Round "2.18"]
[White "Guzik, Natalia"]
[Black "Dylag, Emilia"]
[Result "0-1"]
[WhiteTitle "I++"]
[BlackTitle "I"]
[WhiteElo "1722"]
[BlackElo "1602"]

1. e4 c5 2. Nf3 Nc6 3. d4 cxd4 4. Nxd4 g6 5. c4 Nf6 6. Nc3 d6 7. Be2 Nxd4 8. Qxd4
Bg7 9. Be3 O-O 10. Qd2 Be6 11. O-O Qa5 12. Rab1 Rfc8 13. b3 a6 14. Rfc1 Rab8 15.
f3 Nd7 16. b4 Qd8 17. Nd5 Bxd5 18. cxd5 b5 19. a4 bxa4 20. Bxa6 Rc7 21. Rxc7 Qxc7
22. Rc1 Qd8 23. Ba7 Ra8 24. Bb7 Rxa7 25. Rc8 Qxc8 26. Bxc8 Nb6 27. Bg4 a3 28.
Qa2 Bb2 29. Kf2 Na4 30. b5 Nc3 31. Qb3 a2 32. b6 a1=Q 33. bxa7 Qxa7+ 34. Kg3 Ne2+
35. Kh3 Bf6 36. Qc2 Qf2 37. Qc8+ Kg7 38. Bd7 Qh4# 0-1

[Event "Druzynowe Mistrzostwa Polski Juniorow - Ekstraliga"]
[Site "Centrum Wypoczynkowo-Szkoleniowe Gwarek, Ustron"]
[Date "1899-12-30"]
[Round "2.19"]
[White "Niekras, Dawid"]
[Black "Kiolbasa, Oliwia"]
[Result "1/2-1/2"]
[WhiteTitle "k"]
[BlackTitle "WFM"]
[WhiteElo "2276"]
[BlackElo "2210"]

1. e4 e5 2. Nf3 Nc6 3. Bb5 a6 4. Ba4 d6 5. O-O Nf6 6. Bxc6+ bxc6 7. d4 exd4 8.
Nxd4 c5 9. Nc6 Qd7 10. Na5 Be7 11. Nc3 O-O 12. Qd3 Re8 13. b3 Bd8 14. Bf4 Ng4
15. Rad1 Bf6 16. Nd5 Be5 17. Bxe5 Nxe5 18. Qg3 Kh8 19. Rfe1 Rb8 20. f4 Nc6 21.
Nxc6 Qxc6 22. f5 f6 23. c4 Qd7 24. Nf4 Qf7 25. Qd3 Re5 26. Re3 Bd7 27. Rde1 Rbe8
28. h3 Bc8 29. Kf2 g5 30. Nd5 Bb7 31. g3 Kg7 32. Kg2 Qd7 33. Kf2 c6 34. Nc3 d5
35. cxd5 cxd5 36. Nxd5 Bxd5 37. exd5 Qxf5+ 38. Qxf5 Rxf5+ 39. Kg2 Rxe3 40. Rxe3
Rxd5 41. a3 Kf7 42. Rc3 Ke6 43. b4 cxb4 44. axb4 Rd4 45. Ra3 Rxb4 46. Rxa6+ Ke5
47. Ra5+ Ke4 48. g4 Rb2+ 49. Kg3 Rb3+ 50. Kg2 Rb2+ 51. Kg3 Rb3+ 52. Kg2 Rb2+ 53.
Kg3 1/2-1/2

[Event "Druzynowe Mistrzostwa Polski Juniorow - Ekstraliga"]
[Site "Centrum Wypoczynkowo-Szkoleniowe Gwarek, Ustron"]
[Date "1899-12-30"]
[Round "2.20"]
[White "Szostko, Jakub"]
[Black "Mirski, Michal"]
[Result "1-0"]
[WhiteTitle "FM"]
[BlackTitle "I"]
[WhiteElo "2319"]
[BlackElo "1922"]

1. e4 c5 2. Nf3 e6 3. d4 cxd4 4. Nxd4 Nc6 5. Nc3 d6 6. Be2 Be7 7. O-O Nf6 8. Be3
O-O 9. f4 a6 10. Qe1 Bd7 11. Qg3 b5 12. a3 Qc7 13. Bd3 Rfd8 14. Rae1 Qb7 15. e5
Nd5 16. Nxd5 exd5 17. e6 fxe6 18. Nxc6 Qxc6 19. Bd4 Bf8 20. Qh4 h6 21. Rf3 e5
22. Rg3 Kh8 23. fxe5 dxe5 24. Bxe5 Re8 25. Rg6 Qc5+ 26. Kh1 Re7 27. Rxh6+ Kg8
28. Rh8+ Kf7 29. Qh5+ 1-0

[Event "Druzynowe Mistrzostwa Polski Juniorow - Ekstraliga"]
[Site "Centrum Wypoczynkowo-Szkoleniowe Gwarek, Ustron"]
[Date "1899-12-30"]
[Round "2.21"]
[White "Zajac, Szymon"]
[Black "Kosakowski, Jakub"]
[Result "0-1"]
[WhiteTitle "II"]
[BlackTitle "k"]
[WhiteElo "1405"]
[BlackElo "2149"]

1. e4 c5 2. Nf3 d6 3. c3 Nf6 4. h3 Bd7 5. Bd3 Bc6 6. Qe2 e5 7. Bc2 Qb6 8. O-O Be7
9. b3 O-O 10. Re1 Nbd7 11. c4 Nh5 12. d3 Nf4 13. Bxf4 exf4 14. Nbd2 Bf6 15. Rab1
Bc3 16. Red1 Rae8 17. Nh2 f5 18. f3 Nf6 19. Nhf1 d5 20. cxd5 Bd4+ 21. Kh1 Nxd5
22. Nc4 Qc7 23. Re1 Nc3 24. Qd2 Nxb1 25. Bxb1 fxe4 26. dxe4 Rd8 27. Qc2 b5 28.
e5 g6 29. e6 Rfe8 30. Ncd2 Rd6 31. Ne4 Rdxe6 32. Nfd2 Bd5 33. Rd1 Kg7 34. b4 c4
35. Nb3 Bxe4 36. fxe4 Rxe4 37. Nxd4 Re1+ 38. Rxe1 Rxe1+ 39. Kh2 f3+ 40. g3 Qe5
41. Qf2 Rxb1 42. Nf5+ Qxf5 43. Qxa7+ Kh6 44. Qe3+ Qg5 45. Qxg5+ Kxg5 0-1

[Event "Druzynowe Mistrzostwa Polski Juniorow - Ekstraliga"]
[Site "Centrum Wypoczynkowo-Szkoleniowe Gwarek, Ustron"]
[Date "1899-12-30"]
[Round "2.22"]
[White "Filewicz, Radoslaw"]
[Black "Wikar, Rafal"]
[Result "1/2-1/2"]
[WhiteTitle "I"]
[BlackTitle "II"]
[WhiteElo "1773"]
[BlackElo "1417"]

1. d4 d5 2. Nf3 e6 3. c4 Nf6 4. Nc3 Be7 5. cxd5 exd5 6. Bf4 c6 7. e3 O-O 8. Qc2
g6 9. Bd3 Nbd7 10. O-O Nh5 11. Bg3 Ng7 12. a3 Nf6 13. b4 a6 14. Rfb1 Bd7 15. a4
Ne6 16. Qb3 Nh5 17. b5 axb5 18. axb5 Nxg3 19. hxg3 Qc7 20. Ne5 f6 21. Nxd7 Qxd7
22. Na4 Qc7 23. Rc1 Qd6 24. bxc6 bxc6 25. Qb7 Rac8 26. Rc3 Rc7 27. Qb3 Ra8 28.
Rac1 Nd8 29. Nc5 Rca7 30. Qb6 Ra1 31. Ba6 Rb8 32. Bb7 Rxc1+ 33. Rxc1 Nxb7 34.
Nxb7 Qd7 35. Nc5 Qe8 36. Qa7 Bxc5 37. Qxc5 Rc8 38. Rb1 Qd7 39. Rb6 Qc7 40. Qb4
Qd7 41. Qa5 Qc7 42. Qa6 Qd7 43. Rb7 Rc7 44. Rb8+ Kg7 45. Qa3 Qf7 46. Qa8 g5 47.
Rd8 Rb7 48. Rg8+ Kh6 49. g4 Qe7 50. Qf8+ Qxf8 51. Rxf8 Kg7 52. Rc8 Rb6 53. Rc7+
Kg8 54. Kh2 h6 55. Kg3 Ra6 56. Re7 Rb6 57. Rc7 Ra6 58. Rd7 Rb6 59. Ra7 Rb3 60.
Ra6 Rc3 61. Kf3 Kf7 62. Rb6 Kg7 63. Rb7+ Kg8 64. Rc7 Rc2 65. Rc8+ Kg7 66. Rd8
Kf7 67. Ra8 Rc3 68. Ke2 Rc2+ 69. Kf3 Rc3 70. Ra2 1/2-1/2

[Event "Druzynowe Mistrzostwa Polski Juniorow - Ekstraliga"]
[Site "Centrum Wypoczynkowo-Szkoleniowe Gwarek, Ustron"]
[Date "1899-12-30"]
[Round "2.23"]
[White "Leczek, Weronika"]
[Black "Burakowska, Gabriela"]
[Result "0-1"]
[WhiteTitle "I"]
[BlackTitle "I++"]
[WhiteElo "1655"]
[BlackElo "1785"]

1. e4 c5 2. Nf3 e6 3. d4 cxd4 4. Nxd4 a6 5. Nc3 b5 6. a3 Bb7 7. Be3 Qc7 8. Bd3
Nf6 9. O-O Nc6 10. Nb3 Ne5 11. f3 Nc4 12. Bxc4 bxc4 13. Nd4 d5 14. exd5 Nxd5 15.
Nxd5 Bxd5 16. b4 Rd8 17. Qe2 Be7 18. c3 O-O 19. a4 f5 20. a5 e5 21. Nc2 Qc6 22.
Bb6 Rde8 23. Ne3 Be6 24. Rad1 f4 25. Nc2 Bf5 26. Rfe1 Bd3 27. Qf2 Bf6 28. Rc1
Bg5 29. Qc5 Qg6 30. Na3 e4 31. Nxc4 Bf6 32. fxe4 Bxe4 33. Rxe4 Rxe4 34. Qd5+ Kh8
35. Nd6 Re5 36. Qf3 Be7 37. Nc4 Re6 38. Rd1 Qc2 39. Nd2 Bh4 40. Bd4 Rfe8 41. Nf1
Bf6 42. Bxf6 Rxf6 43. Re1 Ref8 44. h3 h6 45. Nh2 Qd2 46. Qe4 f3 47. Nxf3 Qxc3
48. Ne5 Qg3 49. Ng4 Rf4 50. Qe5 R8f5 51. Qe8+ Kh7 52. Nxh6 Kxh6 53. Qh8+ Kg6 54.
Re6+ Rf6 55. Qe8+ Kh7 56. Qh5+ Rh6 0-1

[Event "Druzynowe Mistrzostwa Polski Juniorow - Ekstraliga"]
[Site "Centrum Wypoczynkowo-Szkoleniowe Gwarek, Ustron"]
[Date "1899-12-30"]
[Round "2.24"]
[White "Kalinowska, Zuzanna"]
[Black "Slusarczyk, Milena"]
[Result "1-0"]
[WhiteTitle "k"]
[BlackTitle "I"]
[WhiteElo "1913"]
[BlackElo "1241"]

1. d4 c5 2. d5 Nf6 3. Nf3 d6 4. c4 g6 5. Nc3 Bg7 6. Qc2 O-O 7. e4 e6 8. Bd3 exd5
9. cxd5 Re8 10. O-O b6 11. a4 Ba6 12. Nd2 Bxd3 13. Qxd3 Nbd7 14. f4 Qe7 15. h3
Kh8 16. Kh1 Rac8 17. Nc4 Rb8 18. Re1 Ng8 19. Bd2 a6 20. Rab1 b5 21. Na5 c4 22.
Qf3 Qf6 23. Nc6 Rb7 24. g3 Nc5 25. axb5 axb5 26. Be3 Nb3 27. Qg2 Ne7 28. e5 dxe5
29. fxe5 Qf5 30. Rf1 Qd7 31. Rxf7 Qc8 32. Nxe7 Rbxe7 33. Rxe7 Rxe7 34. e6 b4 35.
Ne4 Qb7 36. Bg5 Rc7 37. d6 Rc8 38. d7 Nd4 39. Nd6 Qxg2+ 40. Kxg2 Rb8 41. e7 1-0

[Event "Druzynowe Mistrzostwa Polski Juniorow - Ekstraliga"]
[Site "Centrum Wypoczynkowo-Szkoleniowe Gwarek, Ustron"]
[Date "1899-12-30"]
[Round "2.25"]
[White "Jarmula, Lukasz"]
[Black "Chomczyk, Marek"]
[Result "1/2-1/2"]
[WhiteTitle "FM"]
[BlackTitle "k"]
[WhiteElo "2395"]
[BlackElo "2165"]

1. e4 e5 2. Nf3 Nc6 3. Bb5 a6 4. Ba4 Nf6 5. O-O Be7 6. d3 b5 7. Bb3 d6 8. a3 O-O
9. Nc3 Bg4 10. Be3 Rb8 11. Nd5 Nxd5 12. Bxd5 Qd7 13. c3 Kh8 14. h3 Be6 15. d4
exd4 16. cxd4 Bxd5 17. exd5 Na5 18. Nd2 Nc4 19. Nxc4 bxc4 20. Qc2 f5 21. f3 Rb3
22. Bf4 Qb5 23. Rac1 c3 24. bxc3 Qxd5 25. a4 Qc4 26. Rfe1 Bf6 27. Kh2 g6 28. Bh6
Rfb8 29. Rb1 Rxb1 30. Rxb1 Re8 31. Qb3 Qxb3 32. Rxb3 Kg8 33. Rb7 c5 34. Bf4 cxd4
35. cxd4 Bxd4 36. Bxd6 Be5+ 37. Bxe5 Rxe5 38. Kg3 Ra5 39. Kf4 h6 40. Rb8+ Kg7
41. Rb7+ 1/2-1/2

[Event "Druzynowe Mistrzostwa Polski Juniorow - Ekstraliga"]
[Site "Centrum Wypoczynkowo-Szkoleniowe Gwarek, Ustron"]
[Date "1899-12-30"]
[Round "2.26"]
[White "Nowak, Lukasz"]
[Black "Mucha, Piotr"]
[Result "1/2-1/2"]
[WhiteTitle "k"]
[BlackTitle "k"]
[WhiteElo "2116"]
[BlackElo "2215"]

1. e4 e6 2. d4 d5 3. Nc3 Bb4 4. e5 c5 5. a3 Bxc3+ 6. bxc3 Ne7 7. h4 Qc7 8. Nf3
b6 9. h5 h6 10. Bb5+ Bd7 11. Bd3 Ba4 12. Bf4 Nd7 13. Qd2 O-O-O 14. O-O Kb7 15.
Rfb1 Rc8 16. Ra2 Qc6 17. Rab2 Rc7 18. dxc5 Nxc5 19. Nd4 Qd7 20. Bb5 Bxb5 21. Nxb5
Ne4 22. Qe1 Rc6 23. f3 Nc5 24. a4 a5 25. Nd4 Nxa4 26. Nxc6 Nxb2 27. Nxa5+ bxa5
28. Rxb2+ Ka8 29. Be3 Rb8 30. Qa1 Rxb2 31. Qxb2 Qb7 32. Qa3 Qc7 33. f4 g6 34.
hxg6 fxg6 35. Qb3 Qc6 36. Qa3 Qc7 37. Qb3 Qc6 38. Qa3 Qc7 39. Qb3 Qc6 1/2-1/2

[Event "Druzynowe Mistrzostwa Polski Juniorow - Ekstraliga"]
[Site "Centrum Wypoczynkowo-Szkoleniowe Gwarek, Ustron"]
[Date "1899-12-30"]
[Round "2.27"]
[White "Gazik, Viktor"]
[Black "Kowalski, Igor"]
[Result "1-0"]
[WhiteTitle "FM"]
[BlackTitle "k"]
[WhiteElo "2434"]
[BlackElo "2146"]

1. f4 d5 2. Nf3 Nf6 3. e3 c5 4. b3 Bg4 5. Bb2 Nbd7 6. d3 e6 7. h3 Bxf3 8. Qxf3
Bd6 9. g4 h6 10. Bg2 Qc7 11. O-O O-O-O 12. c4 dxc4 13. Na3 Be7 14. bxc4 a6 15.
Rab1 b6 16. Bc3 Nb8 17. Rb3 Nfd7 18. Rfb1 Rdg8 19. Be5 Bd6 20. Bxd6 Qxd6 21. Rxb6
Nxb6 22. Qb7+ Kd8 23. Rxb6 Qc7 24. Qxb8+ Qxb8 25. Rxb8+ Ke7 26. Rb7+ Kf6 27. Nb1
Rd8 28. Be4 g5 29. Nd2 Rb8 30. Kf2 Kg7 31. Nb3 h5 32. Kg3 gxf4+ 33. exf4 hxg4
34. hxg4 Rbc8 35. Ra7 Rh6 36. Rxa6 Rch8 37. Bg2 f5 38. gxf5 exf5 39. Rxh6 Kxh6
40. Nxc5 1-0

[Event "Druzynowe Mistrzostwa Polski Juniorow - Ekstraliga"]
[Site "Centrum Wypoczynkowo-Szkoleniowe Gwarek, Ustron"]
[Date "1899-12-30"]
[Round "2.28"]
[White "Pacan-milej, Kosma"]
[Black "Lis, Mateusz"]
[Result "0-1"]
[WhiteTitle "I"]
[BlackTitle "I"]
[WhiteElo "1851"]
[BlackElo "1839"]

1. d4 Nf6 2. c4 d6 3. Nc3 Nbd7 4. Nf3 g6 5. e4 Bg7 6. Be2 O-O 7. O-O e5 8. Qc2
c6 9. Rd1 Qe7 10. d5 c5 11. Bg5 h6 12. Bh4 g5 13. Bg3 Nh5 14. Nd2 Nf4 15. Nf1
Nxe2+ 16. Qxe2 f5 17. exf5 Rxf5 18. Ne3 Rf8 19. Qc2 Nf6 20. a3 Ng4 21. Nxg4 Bxg4
22. Re1 Bf5 23. Qe2 Rae8 24. f3 Qf6 25. Ne4 Qg6 26. b4 b6 27. h4 g4 28. h5 Qxh5
29. Nxd6 gxf3 30. Qxf3 Bg4 31. Qe4 Rd8 32. bxc5 bxc5 33. Nb7 Bf5 34. Qh4 Qxh4
35. Bxh4 Rb8 36. Nxc5 e4 37. Ra2 Bc3 38. Ree2 Bd4+ 39. Bf2 Rb1+ 40. Kh2 Be5+ 41.
g3 Bg4 42. Rxe4 Bf3 43. Re1 Rf5 44. Kg1 Rh5 0-1

[Event "Druzynowe Mistrzostwa Polski Juniorow - Ekstraliga"]
[Site "Centrum Wypoczynkowo-Szkoleniowe Gwarek, Ustron"]
[Date "1899-12-30"]
[Round "2.29"]
[White "Gazikova, Veronika"]
[Black "Pastuszko, Kinga"]
[Result "1-0"]
[WhiteTitle "WFM"]
[BlackTitle "k"]
[WhiteElo "2263"]
[BlackElo "1877"]

1. e4 c5 2. Nf3 d6 3. d4 cxd4 4. Nxd4 Nf6 5. Nc3 a6 6. Be3 e5 7. Nb3 Be6 8. Qd2
Nbd7 9. f3 h5 10. O-O-O Rc8 11. h3 b5 12. Be2 h4 13. Kb1 Qc7 14. Rhe1 Be7 15.
f4 Nb6 16. Bxb6 Qxb6 17. Nd5 Nxd5 18. exd5 Bf5 19. Bd3 Bxd3 20. Qxd3 Bf6 21. Nd4
O-O 22. fxe5 dxe5 23. Nf3 Rfe8 24. Re4 Rc4 25. c3 Rxe4 26. Qxe4 Qd6 27. Nd4 Rc8
28. Nf5 Qd7 29. Ne3 Qd6 30. Qg4 Rc7 31. Nf5 Qd7 32. d6 Rb7 33. Qe4 Rb6 34. Rf1
g6 35. Nh6+ Kg7 36. Rxf6 Kxh6 37. Qxe5 Rb8 38. Rf4 Qd8 39. Rxf7 1-0

[Event "Druzynowe Mistrzostwa Polski Juniorow - Ekstraliga"]
[Site "Centrum Wypoczynkowo-Szkoleniowe Gwarek, Ustron"]
[Date "1899-12-30"]
[Round "2.30"]
[White "Kaczmarska, Joanna"]
[Black "Kulpa, Zuzanna"]
[Result "1-0"]
[WhiteTitle "k"]
[BlackTitle "I"]
[WhiteElo "1876"]
[BlackElo "1589"]

1. d4 Nf6 2. c4 e6 3. g3 Bb4+ 4. Bd2 Qe7 5. Bg2 Bxd2+ 6. Nxd2 d5 7. Ngf3 Nbd7 8.
O-O O-O 9. Rc1 c6 10. Re1 e5 11. dxe5 Nxe5 12. cxd5 Nxd5 13. Nxe5 Qxe5 14. Nc4
Qg5 15. e4 Nb6 16. Nd6 Qe5 17. f4 Qxb2 18. Rc2 Qf6 19. e5 Qe7 20. f5 Rd8 21. Rd2
Nd7 22. f6 Qe6 23. Nxf7 Kxf7 24. Rd6 Nxf6 25. Rxd8 Nd7 26. Qh5+ Qg6 27. e6+ 1-0

[Event "Druzynowe Mistrzostwa Polski Juniorow - Ekstraliga"]
[Site "Centrum Wypoczynkowo-Szkoleniowe Gwarek, Ustron"]
[Date "1899-12-30"]
[Round "3.1"]
[White "Chomczyk, Marek"]
[Black "Lewtak, Dominik"]
[Result "0-1"]
[WhiteTitle "k"]
[BlackTitle "k"]
[WhiteElo "2165"]
[BlackElo "2151"]

1. d4 d5 2. c4 c6 3. Nc3 Nf6 4. e3 e6 5. Nf3 Nbd7 6. Bd3 dxc4 7. Bxc4 b5 8. Be2
Bb7 9. O-O a6 10. b3 c5 11. Bb2 Bd6 12. h3 O-O 13. Rc1 Rc8 14. a4 cxd4 15. Nxd4
b4 16. Nb1 Rxc1 17. Qxc1 Nc5 18. Rd1 Qb8 19. Nd2 Nfe4 20. Nxe4 Nxe4 21. Bf3 Rc8
22. Qb1 Nc3 23. Bxc3 bxc3 24. Bxb7 Qxb7 25. Qc2 Be5 26. Ne2 f5 27. Nc1 Bf6 28.
Rd6 Rc6 29. Rxc6 Qxc6 30. Nd3 e5 31. e4 fxe4 32. Nb4 Qc5 33. Qxe4 Qd4 34. Qxd4
exd4 35. Kf1 Be7 36. Nd3 c2 37. Ke2 Bg5 38. b4 c1=Q 39. Nxc1 Bxc1 40. Kd3 Ba3
41. Kxd4 Bxb4 42. Kd5 Kf7 43. f4 Kf6 44. g4 Bd2 45. Ke4 g6 46. Kf3 Ke6 47. Ke4
a5 0-1

[Event "Druzynowe Mistrzostwa Polski Juniorow - Ekstraliga"]
[Site "Centrum Wypoczynkowo-Szkoleniowe Gwarek, Ustron"]
[Date "1899-12-30"]
[Round "3.2"]
[White "Psyk, Radoslaw"]
[Black "Nowak, Lukasz"]
[Result "0-1"]
[WhiteTitle "k"]
[BlackTitle "k"]
[WhiteElo "2128"]
[BlackElo "2116"]

1. e4 c5 2. c3 Nf6 3. e5 Nd5 4. d4 cxd4 5. Nf3 e6 6. cxd4 d6 7. Bc4 Be7 8. O-O
O-O 9. Qe2 b6 10. Bd2 Bb7 11. Nc3 Nxc3 12. Bxc3 dxe5 13. dxe5 Nd7 14. Rac1 Rc8
15. Bd3 Nc5 16. Rfd1 Nxd3 17. Rxd3 Qc7 18. Bd2 Bxf3 19. gxf3 Qb7 20. Rdc3 Rxc3
21. Rxc3 Rd8 22. Rd3 Rxd3 23. Qxd3 Qd5 24. Qxd5 exd5 25. Kf1 f6 26. f4 Kf7 27.
Ke2 Ke6 28. Bc3 Kf5 29. Kf3 Bd8 30. Ke3 Bc7 31. Kd4 Ke6 32. exf6 gxf6 33. Bd2
Bd6 34. b4 f5 35. f3 a6 36. h3 Be7 37. Kd3 Kd6 38. Bc3 Kc6 39. a4 Bd6 40. Bd2
Bc7 41. Bc1 Bd8 42. Bd2 Bf6 43. Be3 Bb2 44. Kc2 Bf6 45. Kd3 Bh4 46. Ke2 Be7 47.
Bd2 b5 48. a5 d4 49. Kd3 Kd5 50. Be1 Bf8 51. Bd2 Bd6 52. Be1 Bxf4 53. Bf2 Be3
54. Bh4 Bc1 55. Be7 Bb2 56. f4 Bc3 57. h4 h5 58. Bf8 Be1 59. Be7 Ke6 60. Bd8 Bxb4
61. Kxd4 Be1 62. Kc5 Kd7 63. Bf6 Bxa5 64. Kd5 Bc7 65. Bg5 Bd6 66. Kd4 Kc6 67.
Kc3 a5 68. Kd4 a4 69. Kc3 Kd5 70. Kd3 b4 71. Bh6 Bc5 72. Bg7 Be7 73. Kc2 Kc4 74.
Be5 b3+ 75. Kb1 a3 76. Ka1 Bb4 77. Kb1 Bc3 78. Bxc3 Kxc3 79. Ka1 b2+ 80. Kb1 Kd3
0-1

[Event "Druzynowe Mistrzostwa Polski Juniorow - Ekstraliga"]
[Site "Centrum Wypoczynkowo-Szkoleniowe Gwarek, Ustron"]
[Date "1899-12-30"]
[Round "3.3"]
[White "Kowalski, Igor"]
[Black "Gaj, Szymon"]
[Result "1-0"]
[WhiteTitle "k"]
[BlackTitle "I"]
[WhiteElo "2146"]
[BlackElo "1821"]

1. d4 Nf6 2. c4 c5 3. d5 b5 4. cxb5 a6 5. e3 g6 6. Nc3 Bg7 7. a4 O-O 8. Nf3 d6
9. Qb3 Nbd7 10. Bd2 Bb7 11. e4 Ng4 12. bxa6 Bxa6 13. Bxa6 Rxa6 14. O-O Nge5 15.
Nxe5 Nxe5 16. Nb5 Qd7 17. Bc3 Qg4 18. f4 Nd7 19. Bxg7 Kxg7 20. h3 Qh4 21. Qc3+
Kg8 22. b3 Rc8 23. e5 dxe5 24. fxe5 Qe4 25. d6 e6 26. Rae1 Qb7 27. Qg3 c4 28.
Qf4 Nb6 29. Nc7 Rxc7 30. dxc7 Qxc7 31. Rc1 Qa7 32. Qd4 cxb3 33. Qd8+ Kg7 34. Rc7
Qa8 35. Rfxf7+ Kh6 36. Qh4# 1-0

[Event "Druzynowe Mistrzostwa Polski Juniorow - Ekstraliga"]
[Site "Centrum Wypoczynkowo-Szkoleniowe Gwarek, Ustron"]
[Date "1899-12-30"]
[Round "3.4"]
[White "Mis, Mieszko"]
[Black "Pacan-milej, Kosma"]
[Result "1-0"]
[WhiteTitle "I"]
[BlackTitle "I"]
[WhiteElo "1806"]
[BlackElo "1851"]

1. e4 e6 2. d4 d5 3. Nc3 Bb4 4. exd5 exd5 5. Bd3 Nf6 6. Nge2 O-O 7. Bg5 h6 8. Bh4
c6 9. Qd2 Nbd7 10. O-O-O b5 11. g4 Ne4 12. Bxd8 Nxd2 13. Rxd2 Rxd8 14. a3 Bd6
15. h4 Nf8 16. g5 hxg5 17. hxg5 Ne6 18. g6 fxg6 19. Bxg6 Nf4 20. Bh7+ Kf7 21.
Bd3 Be6 22. Rdd1 Nh3 23. Rdf1 g5 24. Ng3 g4 25. Nf5 Bf4+ 26. Kb1 Kf6 27. Ne3 Bxe3
28. fxe3+ Kg5 29. Ne2 Rf8 30. Ng3 Rxf1+ 31. Rxf1 Kh4 32. Ne2 g3 33. Rf6 Ng5 34.
Nf4 Kg4 35. Be2+ Nf3 36. Nxe6 1-0

[Event "Druzynowe Mistrzostwa Polski Juniorow - Ekstraliga"]
[Site "Centrum Wypoczynkowo-Szkoleniowe Gwarek, Ustron"]
[Date "1899-12-30"]
[Round "3.6"]
[White "Swiech, Joanna"]
[Black "Kaczmarska, Joanna"]
[Result "0-1"]
[WhiteTitle "I++"]
[BlackTitle "k"]
[WhiteElo "1798"]
[BlackElo "1876"]

1. d4 d5 2. c4 c6 3. Nc3 Nf6 4. Bg5 e6 5. cxd5 cxd5 6. e3 Nc6 7. a3 Bd7 8. Bd3
Rc8 9. Nge2 h6 10. Bh4 Be7 11. O-O O-O 12. f3 Na5 13. Bf2 Nc4 14. Rb1 b5 15. e4
a5 16. e5 Ne8 17. Bc2 g6 18. f4 Ng7 19. g4 Bh4 20. Qd3 b4 21. axb4 axb4 22. Na2
Rb8 23. b3 Na3 24. Ra1 Bb5 25. Qd2 Bxf2+ 26. Rxf2 Qh4 27. Rg2 Nxc2 28. Qxc2 Ra8
29. Rf1 Rfc8 30. Qd2 Bxe2 31. Qxe2 Ra3 32. Qd3 Rca8 33. Rff2 Qe7 34. f5 Qa7 35.
Nxb4 Ra1+ 36. Rf1 Rxf1+ 37. Kxf1 Qa3 38. Nc2 Qc1+ 39. Ke2 Ra2 40. Kf3 exf5 41.
h3 Ne6 42. Ne3 Ng5+ 43. Kg3 f4+ 44. Kh2 Nf3# 0-1

[Event "Druzynowe Mistrzostwa Polski Juniorow - Ekstraliga"]
[Site "Centrum Wypoczynkowo-Szkoleniowe Gwarek, Ustron"]
[Date "1899-12-30"]
[Round "3.7"]
[White "Kiolbasa, Oliwia"]
[Black "Jarmula, Lukasz"]
[Result "0-1"]
[WhiteTitle "WFM"]
[BlackTitle "FM"]
[WhiteElo "2210"]
[BlackElo "2395"]

1. e4 c5 2. Nf3 d6 3. d4 cxd4 4. Nxd4 Nf6 5. Nc3 a6 6. Be2 e5 7. Nb3 Be7 8. Be3
O-O 9. g4 Be6 10. g5 Nfd7 11. Qd2 a5 12. a4 Na6 13. h4 Nb4 14. Nd5 f5 15. gxf6
Nxf6 16. Bb6 Nxe4 17. Bxd8 Bxd8 18. Qc1 Bxd5 19. c3 Nxf2 20. O-O Bb6 21. Kh2 Rf4
22. Nd4 Raf8 23. Bf3 Rxf3 24. Nxf3 Rxf3 25. Rxf2 Rxf2+ 26. Kg3 Rg2+ 27. Kh3 Nd3
0-1

[Event "Druzynowe Mistrzostwa Polski Juniorow - Ekstraliga"]
[Site "Centrum Wypoczynkowo-Szkoleniowe Gwarek, Ustron"]
[Date "1899-12-30"]
[Round "3.8"]
[White "Mucha, Piotr"]
[Black "Szostko, Jakub"]
[Result "1-0"]
[WhiteTitle "k"]
[BlackTitle "FM"]
[WhiteElo "2215"]
[BlackElo "2319"]

1. e4 c5 2. Nf3 e6 3. d4 cxd4 4. Nxd4 Nf6 5. Nc3 d6 6. g4 h6 7. h3 Nc6 8. Be3 Bd7
9. f4 a6 10. Qd2 Nxd4 11. Bxd4 Bc6 12. Bg2 Qa5 13. O-O-O e5 14. Be3 Be7 15. Kb1
b5 16. Qf2 Qc7 17. fxe5 dxe5 18. Bb6 Qb7 19. Bc5 b4 20. Nd5 Bxd5 21. exd5 Bxc5
22. Qxc5 Nd7 23. Qf2 Qb6 24. Qe2 Qd6 25. h4 O-O-O 26. Rhf1 f6 27. Rf3 Kb7 28.
a3 Ka7 29. axb4 Qxb4 30. Rb3 Qd6 31. Rc3 Nb8 32. Qe3+ Ka8 33. Rdd3 Rc8 34. Rc6
Qd7 35. Rxc8 Rxc8 36. d6+ Nc6 37. Qb6 Qb7 38. Bxc6 1-0

[Event "Druzynowe Mistrzostwa Polski Juniorow - Ekstraliga"]
[Site "Centrum Wypoczynkowo-Szkoleniowe Gwarek, Ustron"]
[Date "1899-12-30"]
[Round "3.9"]
[White "Kosakowski, Jakub"]
[Black "Gazik, Viktor"]
[Result "1-0"]
[WhiteTitle "k"]
[BlackTitle "FM"]
[WhiteElo "2149"]
[BlackElo "2434"]

1. e4 g6 2. d4 Bg7 3. Nc3 d6 4. f4 a6 5. Nf3 b5 6. Bd3 Bb7 7. O-O Nd7 8. e5 e6
9. Ne4 Bxe4 10. Bxe4 d5 11. Bd3 c5 12. c3 Ne7 13. Be3 c4 14. Bc2 h5 15. h3 Qb6
16. Qd2 Rb8 17. b4 cxb3 18. axb3 Qc6 19. Bd3 Ra8 20. Rfc1 Nb6 21. Qe2 Kd8 22.
Nd2 Qb7 23. c4 Kd7 24. cxb5 a5 25. Nf3 Rhc8 26. Ng5 Ke8 27. g4 hxg4 28. hxg4 Bh6
29. Nf3 Kd7 30. Kg2 Rh8 31. Qd2 Qa7 32. f5 Bxe3 33. fxe6+ fxe6 34. Qxe3 Qb8 35.
Ng5 Rh4 36. Qg3 Rh8 37. Qe1 Qf8 38. Rc7+ Ke8 39. Qc1 Qh6 40. Rxe7+ Kxe7 41. Qc7+
1-0

[Event "Druzynowe Mistrzostwa Polski Juniorow - Ekstraliga"]
[Site "Centrum Wypoczynkowo-Szkoleniowe Gwarek, Ustron"]
[Date "1899-12-30"]
[Round "3.10"]
[White "Lis, Mateusz"]
[Black "Filewicz, Radoslaw"]
[Result "1-0"]
[WhiteTitle "I"]
[BlackTitle "I"]
[WhiteElo "1839"]
[BlackElo "1773"]

1. e4 d5 2. exd5 Qxd5 3. Nc3 Qd8 4. d4 Nf6 5. Nf3 Bg4 6. h3 Bxf3 7. Qxf3 c6 8.
Be3 e6 9. O-O-O Be7 10. Kb1 Nd5 11. Ne4 Nd7 12. g4 N7f6 13. Nxf6+ Bxf6 14. Bc1
Nb6 15. Rg1 h6 16. Qe2 Qe7 17. f4 g5 18. Bg2 O-O-O 19. c3 Nd5 20. fxg5 Bxg5 21.
Bxg5 hxg5 22. Bxd5 cxd5 23. Qf3 Rh6 24. Rgf1 Rd7 25. Rde1 Qf8 26. Re5 Qg7 27.
Qe3 Rg6 28. Rc1 Kb8 29. Qg3 Ka8 30. c4 dxc4 31. Rxc4 Rd8 32. Rec5 Qf8 33. Qc3
Rg8 34. Rc7 f5 35. Rxb7 Kxb7 36. Rc7+ Kb8 37. Qa5 1-0

[Event "Druzynowe Mistrzostwa Polski Juniorow - Ekstraliga"]
[Site "Centrum Wypoczynkowo-Szkoleniowe Gwarek, Ustron"]
[Date "1899-12-30"]
[Round "3.11"]
[White "Burakowska, Gabriela"]
[Black "Gazikova, Veronika"]
[Result "0-1"]
[WhiteTitle "I++"]
[BlackTitle "WFM"]
[WhiteElo "1785"]
[BlackElo "2263"]

1. d4 Nf6 2. c4 g6 3. Nc3 Bg7 4. Nf3 O-O 5. Bg5 d6 6. h3 Na6 7. e3 c5 8. d5 Nc7
9. Be2 Rb8 10. O-O a6 11. e4 b5 12. Qc2 h6 13. Be3 Nd7 14. cxb5 axb5 15. a4 Ba6
16. axb5 Bxb5 17. Nxb5 Nxb5 18. Rad1 Rb7 19. e5 Nxe5 20. Nxe5 Bxe5 21. Bxh6 Nd4
22. Rxd4 Bxd4 23. Bxf8 Rxb2 24. Qe4 Qxf8 25. Kh1 Bf6 26. f4 Qh6 27. Rf3 Qh4 28.
Kh2 Qe1 29. Bd3 Qc1 30. Qa4 Kg7 31. Qe8 Qd2 32. Rg3 Qxf4 33. Bxg6 Be5 0-1

[Event "Druzynowe Mistrzostwa Polski Juniorow - Ekstraliga"]
[Site "Centrum Wypoczynkowo-Szkoleniowe Gwarek, Ustron"]
[Date "1899-12-30"]
[Round "3.12"]
[White "Kulpa, Zuzanna"]
[Black "Kalinowska, Zuzanna"]
[Result "0-1"]
[WhiteTitle "I"]
[BlackTitle "k"]
[WhiteElo "1589"]
[BlackElo "1913"]

1. e4 c5 2. Nf3 e6 3. d4 cxd4 4. Nxd4 a6 5. Bd3 Nf6 6. O-O d6 7. c4 Nc6 8. Nxc6
bxc6 9. Nc3 Be7 10. Qe2 Nd7 11. f4 Bf6 12. Kh1 Rb8 13. Be3 c5 14. Rad1 Bd4 15.
Bf2 Bb7 16. Qg4 O-O 17. Bb1 Nf6 18. Qe2 e5 19. Rd2 Bc6 20. Nd5 Bxd5 21. exd5 Re8
22. Bh4 exf4 23. Qd3 g6 24. Rxf4 Rxb2 25. Rxb2 Bxb2 26. Rf1 Qe7 27. Qf3 Kg7 28.
Bd3 Bd4 29. h3 Qd8 30. Bg5 h6 31. Bd2 Qe7 32. Qf4 Ng8 33. Re1 Be5 34. Qf2 Qf6
35. Qxf6+ Kxf6 36. Rf1+ Kg7 37. g4 Rb8 38. Rb1 Rxb1+ 39. Bxb1 Ne7 40. Kg2 f5 41.
Kf3 fxg4+ 42. Kxg4 h5+ 43. Kf3 Nc8 44. Bg5 Bf6 45. Bf4 g5 46. Bh2 Be5 47. Bg1
Kf6 48. Be3 Ne7 49. Bd3 Nf5 50. Be4 g4+ 51. hxg4 hxg4+ 52. Ke2 Ng3+ 53. Kd3 Nxe4
54. Kxe4 g3 55. Kf3 Kf5 56. Bd2 g2 57. Kxg2 Ke4 58. Kf2 Kd3 59. Ba5 Kxc4 60. Ke2
Kxd5 61. Kd2 Kc4 62. Bc7 Bc3+ 63. Kc2 d5 64. Bd6 d4 65. Bf4 d3+ 66. Kd1 Ba5 67.
Be3 Kd5 68. Kc1 c4 0-1